Pla de pensions : especificacions especificacions
Descripción Física:
28 p. ; 24 cm
Materias:
Plans de pensions
MARC
| LEADER | 00000nam a2200000Ia 4500 | ||
|---|---|---|---|
| 001 | 15384 | ||
| 008 | 160829s9999 xx 000 0 cat d | ||
| 080 | |a FU-35-56 | ||
| 245 | |a Pla de pensions : |b especificacions | ||
| 260 | |a [Barcelona] : |b Diputació de Barcelona, Xarxa de Municipis, [2002] | ||
| 300 | |a 28 p. ; |c 24 cm | ||
| 590 | |a Conté tot l'articulat pel qual es regeix el Pla de pensions adoptat per la Diputació de Barcelona | ||
| 650 | |a Plans de pensions |9 39042 | ||
| 710 | 1 | |a Barcelona (Catalunya : Província). |b Diputació |9 52408 | |
| 901 | |a Arxiu | ||
| 942 | |n 1 | ||
| 952 | |0 0 |1 0 |4 0 |6 FU3556 |7 1 |9 48769 |a Arxiu |b Arxiu |d 2016-12-01 |l 0 |o FU-35-56 |p 15384 |r 2016-12-01 00:00:00 |w 2016-12-01 |y ARXIU | ||
| 999 | |c 52600 |d 52600 | ||